000 00527nam a2200181Ia 4500
003 LDD
008 190327s9999 xx 000 0 und d
020 _a8121701716
_c25000
040 _cLDD
082 _a8H1.7 ला66स
100 _aलाल, करुणा
245 0 _aसर्व ही सबका शिखर
260 _aदिल्ली
_bभारतीय विद्या प्रकाशन
_c2003
300 _a181
500 _aGifted by : Madhubala
942 _2ddc
_cBK
949 _aG015719
999 _c193218
_d193218